00804nam a2200253 a 450000100060000000300080000600500170001400800410003102000220007202000220009403500200011604000270013604100080016308200240017110000280019524500640022326000490028730000260033649000410036250400510040365000280045470000270048283000410050957652BD-RjUL20211209080535.0111216s2003 enka 001 0 eng d a0335205062 (hbk.) a0335205054 (pbk.) a(BD-RjUL) 57776 aDLCcDLCbengdBD-RjUL aeng00a303.6223bCAV 20031 aCarter, Cynthia,d1959-10aViolence and the media /cCynthia Carter and C. Kay Weaver. aBuckingham :bOpen University Press,cc2003. axiii, 206 p ;c23 cm. aIssues in cultural and media studies aIncludes bibliographical references and index. 0aViolence in mass media.1 aWeaver, C. Kay,d1964- 0aIssues in cultural and media studies